Flower Names Quiz Stats

 Plays Quiz not verified by Sporcle

Challenge
Share
Tweet
Embed
Score 0/66 Timer 05:00
0 Plays Today
% Correct
Rose
94.3%
Lily
83%
Daisy
74.8%
Tulip
69.2%
Pansy
59.7%
Daffodil
59.7%
Petunia
55.3%
Iris
50.3%
Carnation
48.4%
Violet
48.4%
Marigold
47.8%
Peony
44%
Chrysanthemum
42.8%
Aster
38.4%
Poppy
38.4%
Geranium
37.7%
Lilac
35.8%
Orchid
32.7%
Dahlia
31.4%
Snapdragon
28.9%
Hyacinth
27%
Impatien
24.5%
Begonia
23.9%
Black-eyed Susan
23.9%
Jasmine
20.1%
Crocus
20.1%
Primrose
19.5%
Gardenia
18.9%
Foxglove
17.6%
Hydrangea
17.6%
Magnolia
15.7%
Lily of the Valley
15.1%
Hibiscus
14.5%
% Correct
Viola
13.8%
Snowdrop
13.2%
Clematis
11.9%
Phlox
11.9%
Gladiola
11.9%
Hollyhock
11.3%
Narcissus
10.7%
Wisteria
10.7%
Sweet Pea
10.1%
Coneflower
9.4%
Daylily
9.4%
Sweet William
8.2%
Anemone
6.9%
Bluebells
6.9%
Delphinium
6.9%
Lavendar
6.9%
Dianthus
5.7%
Gerbera Daisy
5.7%
Hosta
5.7%
Allium
5%
Verbena
5%
Columbine
4.4%
Fuchsia
4.4%
Coreopsis
3.8%
Shasta Daisy
3.8%
Salvia
2.5%
Echinacea
1.9%
Fresia
1.9%
Ranunculus
1.3%
Passion Flower
0.6%
Rudbeckia
0.6%
Syringa
0.6%
Windflower
0%

You're not logged in!

Compare scores with friends on all Sporcle quizzes.
Join for Free
OR
Log In

You Might Also Like...

Show Comments

Extras

Created May 23, 2010ReportNominate
Tags:flower

Top Quizzes Today


Score Distribution

Your Account Isn't Verified!

In order to create a playlist on Sporcle, you need to verify the email address you used during registration. Go to your Sporcle Settings to finish the process.

Report this User

Report this user for behavior that violates our Community Guidelines.

Details: